000 00612nam a2200181 i 4500
001 41973
003 ES-MaACL
005 20231229063013.0
007 t|
008 030312s1967 sp ||||1| spa d
100 1 _aCastán Tobeñas, José,
_d1889-1969
_936392
245 1 3 _aLa socialización y sus diversos aspectos
_b: (notas críticas) /
_cJosé Castán Tobeñas.
260 _aMadrid :
_bReus,
_c1967.
300 _a44 p. ;
_c25 cm.
500 _aEs tirada aparte de la Revista General de Legislación y Jurisprudencia, noviembre de 1966.
852 _aES-MaACL
_j2057-F-4
_bR.62106
999 _c41973
_d41973